Govt. of
Madhya Pradesh

CrossR̜oads (Record no. 15679)

MARC details
000 -LEADER
fixed length control field 004990000a22001930004500
001 - CONTROL NUMBER
control field 003786
003 - CONTROL NUMBER IDENTIFIER
control field MACL
005 - DATE AND TIME OF LATEST TRANSACTION
control field 20150802153442.0
008 - FIXED-LENGTH DATA ELEMENTS--GENERAL INFORMATION
fixed length control field 150802b xxu||||| |||| 00| 0 eng d
040 ## - CATALOGING SOURCE
Original cataloging agency MACL
Transcribing agency MACL
041 ## - LANGUAGE CODE
Language code of text/sound track or separate title English
082 ## - DEWEY DECIMAL CLASSIFICATION NUMBER
Classification number 388.1/PAY
100 ## - MAIN ENTRY--PERSONAL NAME
Personal name Ray, Alok
9 (RLIN) 684
245 ## - TITLE STATEMENT
Title CrossR̜oads
Remainder of title Social Reforms In Nineteenth Century India
Statement of responsibility, etc. Alok Ray
260 ## - PUBLICATION, DISTRIBUTION, ETC. (IMPRINT)
Place of publication, distribution, etc. Kolkata
Date of publication, distribution, etc. 2005
Name of publisher, distributor, etc. Radiance,
350 ## - PRICE (NR) (BK AM CF MU VM SE) [OBSOLETE]
Price 250
650 ## - SUBJECT ADDED ENTRY--TOPICAL TERM
Topical term or geographic name as entry element Ground Transportattion
9 (RLIN) 4398
942 ## - ADDED ENTRY ELEMENTS (KOHA)
Call number prefix 388
Koha item type Books
Source of classification or shelving scheme
Holdings
Withdrawn status Lost status Source of classification or shelving scheme Damaged status Not for loan Home library Current library Date acquired Cost, normal purchase price Total Checkouts Full call number Barcode Date last seen Uniform Resource Identifier Price effective from Koha item type
          MACL MACL 15/04/2015 250.00   388.1/PAY CRE018214 02/05/2024 15581 15/04/2015 Books